[Event "National Capital op"]
[Site "Ottawa CAN"]
[Date "2022.11.05"]
[Round "2.8"]
[White "Fang, Zhou"]
[Black "Sharma, Vishruth"]
[Result "1-0"]
[WhiteElo "1836"]
[BlackElo "2161"]
[PlyCount "131"]
[EventDate "2022.11.04"]
[EventType "swiss"]
[EventRounds "5"]
[EventCountry "CAN"]

1. e4 e5 2. Nf3 Nc6 3. d4 exd4 4. Nxd4 Nf6 5. Nxc6 bxc6 6. e5 Qe7 7. Qe2 Nd5 8.
g3 g6 9. Bg2 Bg7 10. O-O O-O 11. Re1 Re8 12. Bxd5 cxd5 13. Bf4 Rb8 14. Nc3 Rxb2
15. Nxd5 Qc5 16. Qd3 Rxc2 17. Be3 Qc4 18. Qxc4 Rxc4 19. Bxa7 Rxe5 20. Rxe5 Bxe5
21. Re1 Bb7 22. Rxe5 Rc1+ 23. Kg2 Rd1 24. a3 Bxd5+ 25. Kh3 Be6+ 26. Kg2 d6 27.
Re3 c5 28. Bb6 c4 29. Kf3 Rd2 30. Rc3 Ra2 31. h4 Kf8 32. Bd4 Ke7 33. Kf4 Kd7
34. f3 Kc6 35. Bf6 Re2 36. g4 Kc5 37. Bg7 Bd7 38. Re3 Rd2 39. h5 Ba4 40. Bf6
Bc2 41. Bc3 Rd5 42. h6 Kb5 43. Kg3 Ka4 44. Bb4 Bd3 45. Re1 Kb3 46. Rc1 Bc2 47.
Re1 c3 48. Re7 Bd3 49. Rxf7 c2 50. Bd2 Bb5 51. Bf4 g5 52. Be3 Kb2 53. Rxh7 c1=Q
54. Bxc1+ Kxc1 55. Rc7+ Rc5 56. Rxc5+ dxc5 57. h7 c4 58. h8=Q Kc2 59. Qe5 Ba4
60. Kf2 c3 61. Ke3 Bb3 62. Qd4 Ba2 63. Qb4 Bb3 64. Kd4 Kb2 65. Qxc3+ Kxa3 66.
Qd2 1-0

[Event "National Capital op"]
[Site "Ottawa CAN"]
[Date "2022.11.05"]
[Round "2.9"]
[White "Batorshyn, Ilia"]
[Black "Jutras, Marc-Andre"]
[Result "1-0"]
[WhiteElo "2026"]
[BlackElo "1923"]
[PlyCount "115"]
[EventDate "2022.11.04"]
[EventType "swiss"]
[EventRounds "5"]
[EventCountry "CAN"]

1. d4 d5 2. c4 c6 3. Nf3 Nf6 4. e3 g6 5. Nc3 Bg7 6. Be2 O-O 7. O-O b6 8. Qc2
Bf5 9. Bd3 Bxd3 10. Qxd3 Nbd7 11. b3 dxc4 12. bxc4 c5 13. d5 Ng4 14. Bb2 Qc8
15. Qe2 Nge5 16. Nxe5 Nxe5 17. f4 Ng4 18. Nd1 f6 19. e4 e5 20. h3 Nh6 21. Ne3
Qd7 22. f5 g5 23. a4 a5 24. Rfb1 Nf7 25. Bc1 Ra6 26. Nd1 Nd6 27. Nc3 Rf7 28.
Rb3 Bf8 29. Rab1 Nc8 30. Be3 Bd6 31. Kf2 Rg7 32. Qh5 Qf7 33. Qxf7+ Rxf7 34. Nb5
Rd7 35. Kf3 Kf7 36. h4 h6 37. Rh1 Bf8 38. Rbb1 Nd6 39. hxg5 fxg5 40. Na3 Bg7
41. Rbc1 Ra8 42. Rc2 Bf8 43. Rb2 Ra6 44. Rhb1 Nc8 45. Bf2 Bg7 46. Nc2 Bf6 47.
Ne3 Raa7 48. Rh1 Bg7 49. Ng4 Rd6 50. Bg3 Re7 51. f6 Bxf6 52. Nxh6+ Kg6 53. Nf5
Red7 54. Rh6+ Kf7 55. Nxd6+ Rxd6 56. Kg4 Kg7 57. Rh5 Bd8 58. Bxe5+ 1-0

[Event "National Capital op"]
[Site "Ottawa CAN"]
[Date "2022.11.05"]
[Round "2.10"]
[White "Labib, Daniel"]
[Black "Wang, Rachel"]
[Result "1-0"]
[WhiteElo "2090"]
[BlackElo "1876"]
[PlyCount "39"]
[EventDate "2022.11.04"]
[EventType "swiss"]
[EventRounds "5"]
[EventCountry "CAN"]

1. d4 d5 2. Nf3 Nf6 3. e3 e6 4. Bd3 c5 5. b3 b6 6. Bb2 Bb7 7. O-O Nbd7 8. Nbd2
Bd6 9. Ne5 O-O 10. f4 Rc8 11. Nxd7 Qxd7 12. dxc5 Bxc5 13. Bxf6 Bxe3+ 14. Kh1
gxf6 15. Bxh7+ Kxh7 16. Qh5+ Kg7 17. Qg4+ Kh7 18. Rf3 Bxf4 19. Rh3+ Bh6 20. Qh5
1-0

[Event "National Capital op"]
[Site "Ottawa CAN"]
[Date "2022.11.05"]
[Round "3.1"]
[White "Han, Johnathan"]
[Black "Rodrigue-Lemieux, Shawn"]
[Result "0-1"]
[WhiteElo "2251"]
[BlackElo "2540"]
[PlyCount "90"]
[EventDate "2022.11.04"]
[EventType "swiss"]
[EventRounds "5"]
[EventCountry "CAN"]

1. e4 c6 2. d4 d5 3. Nd2 dxe4 4. Nxe4 Nf6 5. Nxf6+ exf6 6. c3 Bd6 7. Bd3 O-O 8.
Ne2 Re8 9. Qc2 h5 10. Be3 Nd7 11. O-O-O Nf8 12. c4 Be6 13. Nc3 Rc8 14. Kb1 Bb4
15. Ne4 Be7 16. Rhe1 b5 17. Nc5 bxc4 18. Bxc4 Bxc5 19. dxc5 Qa5 20. f4 Bxc4 21.
Qxc4 Rcd8 22. Bf2 Rxe1 23. Rxe1 Qd2 24. Qc2 Qxf4 25. Bg3 Qg5 26. Bd6 Ne6 27. a3
h4 28. Qe4 Nxc5 29. Qe7 Qf5+ 30. Ka1 Nb3+ 31. Ka2 Rd7 32. Qe8+ Kh7 33. Kxb3
Qd5+ 34. Kc2 Qc4+ 35. Kb1 Rxd6 36. Rc1 Qe6 37. Qb8 Rd7 38. Qf4 g5 39. Qf3 Rd6
40. g3 Qd5 41. Qh5+ Kg7 42. gxh4 Qe4+ 43. Ka1 Qf4 44. Rg1 Qxh2 45. Qg4 f5 0-1

[Event "National Capital op"]
[Site "Ottawa CAN"]
[Date "2022.11.05"]
[Round "3.2"]
[White "Mahdjoubi, Abdelaziz"]
[Black "Xu, Daniel"]
[Result "0-1"]
[WhiteElo "1858"]
[BlackElo "2299"]
[PlyCount "55"]
[EventDate "2022.11.04"]
[EventType "swiss"]
[EventRounds "5"]
[EventCountry "CAN"]

1. Nf3 Nf6 2. g3 g6 3. Bg2 Bg7 4. O-O O-O 5. c4 d6 6. Nc3 Nc6 7. d4 a6 8. b3
Rb8 9. Bb2 b5 10. cxb5 axb5 11. d5 Na5 12. Nd4 b4 13. Qd2 Bb7 14. e4 c5 15.
dxc6 bxc3 16. Qxc3 Rc8 17. Qb4 Ba8 18. c7 Qxc7 19. Rfc1 Qa7 20. Nb5 Qb6 21. a4
Ng4 22. Bxg7 Qxf2+ 23. Kh1 Kxg7 24. Nc3 Qe3 25. h3 Nf2+ 26. Kh2 Nd3 27. Qxa5
Nxc1 28. Nd1 0-1

[Event "National Capital op"]
[Site "Ottawa CAN"]
[Date "2022.11.05"]
[Round "3.3"]
[White "Cortes Orihuela, Javier"]
[Black "Fang, Zhou"]
[Result "1-0"]
[WhiteElo "2196"]
[BlackElo "1836"]
[PlyCount "105"]
[EventDate "2022.11.04"]
[EventType "swiss"]
[EventRounds "5"]
[EventCountry "CAN"]

1. d4 Nf6 2. c4 g6 3. Nc3 Bg7 4. e4 d6 5. Nf3 O-O 6. h3 e5 7. d5 c5 8. Bg5 h6
9. Be3 Nbd7 10. Nd2 Ne8 11. g4 Kh7 12. h4 Nb6 13. h5 g5 14. a3 a5 15. b3 Bd7
16. Rb1 Nc7 17. Be2 Qe8 18. Qc2 Nc8 19. O-O Na6 20. Rfc1 Na7 21. f3 Bf6 22. Bd3
Be7 23. Nf1 Rb8 24. Bd2 Bd8 25. Ne3 f6 26. Qd1 Bc7 27. Qe1 b6 28. Na2 Rf7 29.
Be2 Rb7 30. Nd1 Qd8 31. b4 axb4 32. axb4 b5 33. bxc5 Nxc5 34. Ndc3 Qb8 35. cxb5
Nxb5 36. Nxb5 Bxb5 37. Bxb5 Rxb5 38. Nb4 Qb7 39. Qf1 Ba5 40. Nc6 Rxb1 41. Rxb1
Bb6 42. Be3 Qc7 43. Qb5 Qc8 44. Qxb6 Rb7 45. Bxc5 Rxb6 46. Bxb6 Qa6 47. Bf2 f5
48. gxf5 Qd3 49. Rb7+ Kh8 50. Nd8 Qxf3 51. Nf7+ Kg8 52. Nxh6+ Kf8 53. f6 1-0

[Event "National Capital op"]
[Site "Ottawa CAN"]
[Date "2022.11.05"]
[Round "3.4"]
[White "Chiku-Ratte, Olivier-Kenta"]
[Black "Batorshyn, Ilia"]
[Result "1-0"]
[WhiteElo "2459"]
[BlackElo "2026"]
[PlyCount "99"]
[EventDate "2022.11.04"]
[EventType "swiss"]
[EventRounds "5"]
[EventCountry "CAN"]

1. d4 Nf6 2. c4 e6 3. Nc3 Bb4 4. a3 Bxc3+ 5. bxc3 O-O 6. f3 d5 7. cxd5 exd5 8.
e3 Re8 9. Bd3 Nbd7 10. Ne2 b6 11. O-O Bb7 12. Ra2 c5 13. Ng3 Nf8 14. Bb5 Re6
15. Re2 Qc7 16. Rfe1 h5 17. Bd3 Rae8 18. Nh1 R6e7 19. Rf1 Ne6 20. Bd2 Qc8 21.
Ng3 g6 22. Ref2 Ba6 23. Qb1 Bxd3 24. Qxd3 cxd4 25. cxd4 Qc4 26. Qxc4 dxc4 27.
Ne2 Rd7 28. Rc1 b5 29. e4 Nc5 30. Rd1 Nd3 31. Rff1 a6 32. Ba5 Nd5 33. Rd2 N5f4
34. Nxf4 Nxf4 35. Kf2 Nd3+ 36. Ke3 f5 37. Rxd3 cxd3 38. Rc1 Kf7 39. Kxd3 Rde7
40. e5 g5 41. g3 Rd7 42. f4 gxf4 43. gxf4 Rg8 44. Rc5 Ke6 45. Rc6+ Kd5 46. Rf6
Rg2 47. e6 Re7 48. Bb4 Re8 49. e7 a5 50. Rd6# 1-0

[Event "National Capital op"]
[Site "Ottawa CAN"]
[Date "2022.11.05"]
[Round "3.5"]
[White "Gordon, David"]
[Black "Labib, Daniel"]
[Result "1-0"]
[WhiteElo "2250"]
[BlackElo "2090"]
[PlyCount "101"]
[EventDate "2022.11.04"]
[EventType "swiss"]
[EventRounds "5"]
[EventCountry "CAN"]

1. c4 Nf6 2. g3 e6 3. Bg2 d5 4. Nf3 d4 5. O-O c5 6. e3 Nc6 7. exd4 cxd4 8. d3
Bd6 9. Bg5 h6 10. Bxf6 Qxf6 11. Nbd2 Qe7 12. a3 a5 13. Re1 O-O 14. Nb3 Rd8 15.
Nbxd4 Nxd4 16. Nxd4 Bxg3 17. hxg3 Rxd4 18. Re4 Qd6 19. Rxd4 Qxd4 20. Qb3 Ra6
21. Qb5 Bd7 22. Qxb7 Rb6 23. Qa8+ Kh7 24. Qe4+ Qxe4 25. Bxe4+ f5 26. Bf3 Rxb2
27. Rc1 Rb3 28. c5 Rxa3 29. Bb7 Rxd3 30. c6 e5 31. cxd7 Rxd7 32. Bc8 Rf7 33.
Rc5 f4 34. g4 Re7 35. Bf5+ g6 36. Be4 Ra7 37. Rxe5 a4 38. Re6 a3 39. Rxg6 Kh8
40. Rxh6+ Kg8 41. Rh5 a2 42. Bd5+ Kg7 43. Bxa2 Rxa2 44. Kg2 Ra3 45. Rf5 Kg6 46.
Rxf4 Kg5 47. Rf3 Ra4 48. Kh3 Ra1 49. Rf5+ Kg6 50. Kg3 Rg1+ 51. Kf4 1-0

[Event "National Capital op"]
[Site "Ottawa CAN"]
[Date "2022.11.05"]
[Round "3.6"]
[White "Sambuev, Bator"]
[Black "Kot, Emanuel"]
[Result "1-0"]
[WhiteElo "2518"]
[BlackElo "2021"]
[PlyCount "51"]
[EventDate "2022.11.04"]
[EventType "swiss"]
[EventRounds "5"]
[EventCountry "CAN"]

1. d4 d5 2. c4 e6 3. Nc3 Nf6 4. Bg5 Be7 5. e3 O-O 6. Nf3 h6 7. Bh4 b6 8. Bd3
Bb7 9. O-O Nbd7 10. Qe2 c5 11. cxd5 Nxd5 12. Bg3 cxd4 13. exd4 N7f6 14. Ne5 Rc8
15. Rac1 Nxc3 16. bxc3 Qd5 17. f3 Qa5 18. Be1 Qa3 19. Bd2 Rfd8 20. f4 Nd5 21.
f5 Qxa2 22. Rc2 Qa4 23. fxe6 f5 24. Qh5 Qe8 25. Qxf5 Nf6 26. Ng4 1-0

[Event "National Capital op"]
[Site "Ottawa CAN"]
[Date "2022.11.05"]
[Round "3.7"]
[White "Wiebe, Isaac"]
[Black "Duong, Thanh Nha"]
[Result "1-0"]
[WhiteElo "2084"]
[BlackElo "2267"]
[PlyCount "137"]
[EventDate "2022.11.04"]
[EventType "swiss"]
[EventRounds "5"]
[EventCountry "CAN"]

1. e4 d6 2. d4 Nf6 3. Nc3 e5 4. Nf3 Nbd7 5. Bc4 Be7 6. O-O O-O 7. Re1 c6 8. a4
b6 9. h3 a6 10. Ba2 Rb8 11. Qd3 b5 12. axb5 axb5 13. Ne2 c5 14. c3 b4 15. Ng3
b3 16. Bb1 g6 17. Qe2 Re8 18. Bd3 Bf8 19. d5 Nb6 20. Bb5 Bd7 21. Bxd7 Nfxd7 22.
Bg5 f6 23. Be3 Qc7 24. c4 Ra8 25. Qd3 Reb8 26. Rxa8 Rxa8 27. Qxb3 Ra4 28. Nd2
Qa7 29. Qc3 Nb8 30. b3 Ra2 31. Ne2 Qa3 32. Rb1 Qa6 33. Nc1 Ra3 34. Qc2 Qa5 35.
Nd3 Na6 36. Nf1 Ra2 37. Rb2 Rxb2 38. Qxb2 Nb4 39. Nxb4 cxb4 40. Bxb6 Qxb6 41.
Ne3 Bh6 42. Nc2 f5 43. exf5 gxf5 44. Qa2 Kf7 45. Qa4 Bd2 46. Qd7+ Kg6 47. Qe6+
Kg5 48. h4+ Kg4 49. Qg8+ Kxh4 50. Qxh7+ Kg5 51. Qg7+ Kh5 52. Qf6 f4 53. Qf5+
Kh6 54. Qd7 Kg6 55. Kf1 Bc3 56. g4 fxg3 57. Qg4+ Kf7 58. Qxg3 Ke8 59. Ne3 Bd4
60. Nf5 Bc5 61. Ng7+ Kd7 62. Ne6 Kc8 63. Qg8+ Kb7 64. Qe8 Ka7 65. Qd7+ Ka8 66.
Qc8+ Ka7 67. Nd8 Qa6 68. Nc6+ Kb6 69. Qd8+ 1-0

[Event "National Capital op"]
[Site "Ottawa CAN"]
[Date "2022.11.05"]
[Round "3.9"]
[White "Zhu, Matthew"]
[Black "Saha, Ananda"]
[Result "1/2-1/2"]
[WhiteElo "1998"]
[BlackElo "2222"]
[PlyCount "147"]
[EventDate "2022.11.04"]
[EventType "swiss"]
[EventRounds "5"]
[EventCountry "CAN"]

1. e4 e6 2. d4 d5 3. Nc3 Nf6 4. e5 Nfd7 5. f4 c5 6. Nf3 Nc6 7. Be3 a6 8. Qd2 b5
9. a3 Qb6 10. g4 cxd4 11. Nxd4 Bc5 12. Rd1 Nxd4 13. Bxd4 Bxd4 14. Qxd4 Qxd4 15.
Rxd4 g5 16. fxg5 Nxe5 17. Bg2 Nc4 18. a4 Ne3 19. Kf2 Nxc2 20. Rd2 Nb4 21. axb5
axb5 22. Nxb5 O-O 23. Kg3 Rb8 24. Nc3 Ba6 25. Bf1 Rfc8 26. Bxa6 Nxa6 27. Ra1
Nc5 28. Ra7 Rb3 29. Kh4 Nb7 30. Kh5 Kg7 31. Kh4 Rc4 32. Ra8 Rcb4 33. Ne2 Nd6
34. Ng3 Nf5+ 35. Nxf5+ exf5 36. h3 Rf3 37. Ra3 Rff4 38. Rxd5 fxg4 39. hxg4
Rxg4+ 40. Kh3 Rh4+ 41. Kg3 Rhc4 42. Rc3 Rg4+ 43. Kf3 Rh4 44. Kg3 Rh1 45. Rf3
Rb7 46. b4 Rb1 47. b5 R1xb5 48. Rxb5 Rxb5 49. Kg4 Rb1 50. Ra3 Rb4+ 51. Kf5 Rb5+
52. Kg4 Rb6 53. Ra8 h6 54. gxh6+ Rxh6 55. Ra7 Rb6 56. Ra5 Kg6 57. Kf3 Rb4 58.
Ra6+ Kg5 59. Ra5+ f5 60. Ra3 Rh4 61. Kf2 Rh2+ 62. Kf1 Rb2 63. Rc3 Kg4 64. Ra3
Rh2 65. Rb3 Rd2 66. Ra3 Rb2 67. Rc3 Ra2 68. Rb3 Ra4 69. Kf2 Rf4+ 70. Kg2 Rc4
71. Kf2 f4 72. Kf1 Kf5 73. Ra3 Ke4 74. Rb3 1/2-1/2

[Event "National Capital op"]
[Site "Ottawa CAN"]
[Date "2022.11.05"]
[Round "3.11"]
[White "Van Rooy, Jake"]
[Black "Rauch, Frank"]
[Result "1-0"]
[WhiteElo "2089"]
[BlackElo "1916"]
[PlyCount "49"]
[EventDate "2022.11.04"]
[EventType "swiss"]
[EventRounds "5"]
[EventCountry "CAN"]

1. e4 c5 2. Nf3 d6 3. g3 Nc6 4. Bg2 Nf6 5. d3 g6 6. O-O Bg7 7. c3 O-O 8. h3 Bd7
9. Be3 b5 10. Qd2 Re8 11. Na3 Rb8 12. Bh6 Bh8 13. Nc2 b4 14. cxb4 Nxb4 15. Nxb4
Rxb4 16. a3 Rb3 17. e5 dxe5 18. Nxe5 Bf5 19. Bc6 Bd7 20. Bg2 Bb5 21. Qc2 Rxd3
22. Qxc5 Rb3 23. Qc2 Bxf1 24. Qxb3 Qd5 25. Bxd5 1-0

[Event "National Capital op"]
[Site "Ottawa CAN"]
[Date "2022.11.05"]
[Round "3.12"]
[White "Sharma, Vishruth"]
[Black "Stopic, Alexander"]
[Result "1-0"]
[WhiteElo "2161"]
[BlackElo "1898"]
[PlyCount "99"]
[EventDate "2022.11.04"]
[EventType "swiss"]
[EventRounds "5"]
[EventCountry "CAN"]

1. e4 c6 2. d4 d5 3. Nd2 dxe4 4. Nxe4 Bf5 5. Ng3 Bg6 6. Nf3 Nf6 7. Ne5 Nbd7 8.
Nxg6 hxg6 9. Bc4 e6 10. Bb3 Bd6 11. Bg5 Qa5+ 12. Qd2 Qxd2+ 13. Bxd2 Bxg3 14.
fxg3 Ne4 15. Ke2 Ndf6 16. Be1 O-O-O 17. c3 Rh5 18. h3 c5 19. Rd1 cxd4 20. cxd4
Nd6 21. Rf1 Nb5 22. g4 Rhh8 23. Ke3 Rd7 24. Bg3 b6 25. Be5 Rhd8 26. Bc4 Nd6 27.
Ba6+ Kb8 28. Bxf6 gxf6 29. Rxf6 Ne8 30. Rf2 Nc7 31. Bc4 Nd5+ 32. Bxd5 Rxd5 33.
Rxf7 e5 34. Rc1 exd4+ 35. Kd3 Re8 36. Rcc7 Re3+ 37. Kc4 d3 38. Rb7+ Kc8 39.
Rxa7 Kb8 40. Rab7+ Kc8 41. Rfc7+ Kd8 42. Kxd5 d2 43. Rd7+ Kc8 44. Kc4 d1=Q 45.
Rxd1 Kxb7 46. Rd2 Kc6 47. Rf2 b5+ 48. Kd4 Re6 49. g5 Rd6+ 50. Ke5 1-0

[Event "National Capital op"]
[Site "Ottawa CAN"]
[Date "2022.11.05"]
[Round "4.1"]
[White "Rodrigue-Lemieux, Shawn"]
[Black "Cortes Orihuela, Javier"]
[Result "1-0"]
[WhiteElo "2540"]
[BlackElo "2196"]
[PlyCount "59"]
[EventDate "2022.11.04"]
[EventType "swiss"]
[EventRounds "5"]
[EventCountry "CAN"]

1. c4 e5 2. g3 c6 3. d4 e4 4. Bg2 d5 5. Nc3 Nf6 6. cxd5 cxd5 7. Bg5 Bb4 8. Rc1
Nbd7 9. f3 Qa5 10. a3 exf3 11. exf3 Bd6 12. Qe2+ Kd8 13. Qc2 h6 14. Bd2 Re8+
15. Nge2 Qa6 16. Kf2 Ke7 17. Rhe1 Kf8 18. a4 Qb6 19. Nb5 a6 20. Ba5 Qxa5 21.
Nxd6 Rd8 22. Nf4 Nb6 23. Nxf7 Kxf7 24. Qg6+ Kg8 25. Re7 Qd2+ 26. Kg1 Qxc1+ 27.
Bf1 Ne8 28. Qf7+ Kh7 29. Nh5 Qg5 30. Bd3+ 1-0

[Event "National Capital op"]
[Site "Ottawa CAN"]
[Date "2022.11.06"]
[Round "4.2"]
[White "Xu, Daniel"]
[Black "Chiku-Ratte, Olivier-Kenta"]
[Result "1/2-1/2"]
[WhiteElo "2299"]
[BlackElo "2459"]
[PlyCount "117"]
[EventDate "2022.11.04"]
[EventType "swiss"]
[EventRounds "5"]
[EventCountry "CAN"]

1. e4 c6 2. d4 d5 3. exd5 cxd5 4. c4 Nf6 5. Nc3 Nc6 6. Bg5 dxc4 7. Bxc4 h6 8.
Bf4 e6 9. Nf3 Bd6 10. Be5 O-O 11. Qe2 a6 12. O-O b5 13. Bd3 Bb7 14. a3 Ne7 15.
Bxf6 gxf6 16. Nh4 f5 17. Qh5 Kg7 18. d5 Ng6 19. g3 Qg5 20. Qxg5 hxg5 21. Nxg6
Kxg6 22. Rad1 Be5 23. dxe6 fxe6 24. Rfe1 Kf6 25. Bf1 Rfd8 26. Bg2 Bxg2 27. Kxg2
Rxd1 28. Rxd1 Rc8 29. Rd3 Rc4 30. Kf1 g4 31. Kg2 b4 32. axb4 Rxb4 33. Rd2 Rb3
34. Nd1 a5 35. Re2 Rb4 36. h3 gxh3+ 37. Kxh3 a4 38. Kg2 Rc4 39. Kf3 Rd4 40. Ne3
Rb4 41. Nd1 Bd4 42. Rc2 Rb3+ 43. Ke2 Rb4 44. Kd3 e5 45. Rc4 Rxc4 46. Kxc4 Bxb2
47. Nxb2 a3 48. Kb3 axb2 49. Kxb2 Kg5 50. Kc2 Kg4 51. Kd2 Kf3 52. Ke1 e4 53.
Kf1 e3 54. fxe3 Kxe3 55. Kg2 Ke2 56. Kh3 Kf2 57. Kh4 Kg2 58. Kg5 Kxg3 59. Kxf5
1/2-1/2

[Event "National Capital op"]
[Site "Ottawa CAN"]
[Date "2022.11.05"]
[Round "4.3"]
[White "Migot, Tanguy"]
[Black "Gordon, David"]
[Result "1-0"]
[WhiteElo "2437"]
[BlackElo "2264"]
[PlyCount "121"]
[EventDate "2022.11.04"]
[EventType "swiss"]
[EventRounds "5"]
[EventCountry "CAN"]

1. e4 c5 2. Nf3 Nc6 3. Bb5 Nf6 4. Bxc6 dxc6 5. d3 Bg4 6. h3 Bh5 7. Qe2 Nd7 8.
g4 Bg6 9. Nbd2 e5 10. Nc4 f6 11. Bd2 Be7 12. h4 h5 13. g5 Nf8 14. Rg1 Bf7 15.
Ne3 Ne6 16. g6 Bg8 17. Nf5 Bf8 18. O-O-O Qc7 19. Kb1 O-O-O 20. c3 Qa5 21. b3
Qa6 22. Be3 Nc7 23. c4 Ne6 24. Nh2 Nd4 25. Bxd4 cxd4 26. f4 exf4 27. Qd2 Qa3
28. Nf3 Bb4 29. Qe2 Bc3 30. Nxg7 a5 31. Qc2 b5 32. Nf5 Be6 33. g7 Rhg8 34. Rg6
a4 35. Rxf6 Bxf5 36. exf5 axb3 37. Qxb3 Qxb3+ 38. axb3 Rxg7 39. Rxc6+ Kb7 40.
Rg6 Re7 41. Re6 Rg7 42. Rg1 Rxg1+ 43. Nxg1 Ra8 44. Nf3 Ra1+ 45. Kc2 Rf1 46. f6
Rxf3 47. Re7+ Kb6 48. f7 Rf2+ 49. Kd1 Rf1+ 50. Ke2 Re1+ 51. Kf3 Rxe7 52. f8=Q
Re3+ 53. Kxf4 bxc4 54. Qd6+ Kb7 55. Qd5+ Kb6 56. Qxc4 Re1 57. b4 Rb1 58. Qc5+
Ka6 59. Qc6+ Ka7 60. b5 Ba5 61. Qa6+ 1-0

[Event "National Capital op"]
[Site "Ottawa CAN"]
[Date "2022.11.05"]
[Round "4.4"]
[White "Azar, Sebastien"]
[Black "Sambuev, Bator"]
[Result "0-1"]
[WhiteElo "2031"]
[BlackElo "2518"]
[PlyCount "68"]
[EventDate "2022.11.04"]
[EventType "swiss"]
[EventRounds "5"]
[EventCountry "CAN"]

1. e4 e6 2. d3 c5 3. Nf3 Nc6 4. g3 g6 5. Bg2 Bg7 6. O-O Nge7 7. Qe2 O-O 8. c3
b6 9. Rd1 Ba6 10. Bf4 e5 11. Bg5 f6 12. Be3 d5 13. Qd2 Qd7 14. Na3 Rad8 15.
exd5 Nxd5 16. Bh6 Bxh6 17. Qxh6 Qf7 18. Qh4 b5 19. Nxb5 Bxb5 20. c4 Ba4 21. b3
Nc3 22. Rd2 Nd4 23. bxa4 e4 24. Ne1 g5 25. Qh6 exd3 26. Rxd3 Qxc4 27. Re3 Nf5
28. Qh3 Nxe3 29. fxe3 Rfe8 30. Qf5 Qe6 31. Qf1 Qxe3+ 32. Kh1 Kg7 33. Nf3 Qe2
34. Qg1 Rd1 0-1

[Event "National Capital op"]
[Site "Ottawa CAN"]
[Date "2022.11.05"]
[Round "4.6"]
[White "Van Rooy, Jake"]
[Black "Wiebe, Isaac"]
[Result "0-1"]
[WhiteElo "2089"]
[BlackElo "2084"]
[PlyCount "64"]
[EventDate "2022.11.04"]
[EventType "swiss"]
[EventRounds "5"]
[EventCountry "CAN"]

1. e4 e5 2. f4 exf4 3. Bc4 c6 4. Nc3 d5 5. exd5 Nf6 6. Qf3 Bd6 7. Qe2+ Be7 8.
d3 cxd5 9. Bb5+ Nc6 10. Bxf4 O-O 11. Bxc6 bxc6 12. O-O-O Re8 13. Qf2 d4 14. Nb1
Nd5 15. Bd2 Qb6 16. Re1 Rb8 17. b3 Be6 18. Ne2 Bf6 19. Nf4 a5 20. Nxe6 fxe6 21.
a4 Qc5 22. Kd1 Nb6 23. Qg3 Nxa4 24. Rxe6 Nb2+ 25. Kc1 Nxd3+ 26. Qxd3 Rxe6 27.
Re1 Rxe1+ 28. Bxe1 Bg5+ 29. Kb2 a4 30. b4 Rxb4+ 31. Bxb4 Qxb4+ 32. Ka2 Bc1 0-1

[Event "National Capital op"]
[Site "Ottawa CAN"]
[Date "2022.11.05"]
[Round "4.9"]
[White "Kot, Emanuel"]
[Black "Latreille, Etienne"]
[Result "0-1"]
[WhiteElo "2021"]
[BlackElo "2213"]
[PlyCount "130"]
[EventDate "2022.11.04"]
[EventType "swiss"]
[EventRounds "5"]
[EventCountry "CAN"]

1. e4 c5 2. Nf3 Nc6 3. d4 cxd4 4. Nxd4 g6 5. c4 Bg7 6. Be3 Nf6 7. Nc3 O-O 8.
Be2 d6 9. Qd2 Bd7 10. O-O Nxd4 11. Bxd4 Bc6 12. f3 a5 13. Rab1 a4 14. b4 axb3
15. axb3 Nd7 16. Bxg7 Kxg7 17. Qd4+ Kg8 18. b4 b6 19. Ra1 Qc7 20. Nd5 Bxd5 21.
cxd5 Rfc8 22. Rxa8 Rxa8 23. Bb5 Nf6 24. Qb2 Qa7 25. Rc1 Kg7 26. Bf1 b5+ 27. Kh1
Qe3 28. Rb1 Rb8 29. Qc1 Qa7 30. Qc3 h5 31. Ra1 Qb6 32. Qd2 h4 33. Ra5 Qc7 34.
Rxb5 Rh8 35. Qb2 Kh7 36. Ra5 Nh5 37. Ra6 f6 38. Kg1 Kg7 39. Kf2 Rb8 40. Qd2 g5
41. g3 hxg3+ 42. hxg3 Kf7 43. Bd3 Rh8 44. Bf1 Rb8 45. Kg2 Qd7 46. b5 Rh8 47.
Kf2 Ng7 48. Kg1 Nh5 49. Kf2 Ng7 50. Kg1 Nh5 51. Qh2 Kg7 52. Qf2 Rb8 53. Ra7 Qd8
54. f4 gxf4 55. gxf4 Kf7 56. Be2 Qg8+ 57. Kf1 Ng3+ 58. Ke1 Nxe2 59. Rxe7+ Kf8
60. Kxe2 Rxb5 61. Ra7 Qg4+ 62. Ke3 Rb3+ 63. Kd4 Qd1+ 64. Kc4 Rb8 65. Ra3 Qc1+
0-1

[Event "National Capital op"]
[Site "Ottawa CAN"]
[Date "2022.11.06"]
[Round "4.10"]
[White "Donev, Danail"]
[Black "Sharma, Vishruth"]
[Result "0-1"]
[WhiteElo "1991"]
[BlackElo "2161"]
[PlyCount "48"]
[EventDate "2022.11.04"]
[EventType "swiss"]
[EventRounds "5"]
[EventCountry "CAN"]

1. e4 e5 2. Nf3 Nc6 3. Bc4 Nf6 4. d4 exd4 5. e5 d5 6. Bb5 Ne4 7. Nxd4 Bd7 8.
Bxc6 bxc6 9. O-O Bc5 10. Be3 Bb6 11. Nd2 Nxd2 12. Qxd2 c5 13. Nb3 d4 14. Bg5
Qc8 15. a4 h6 16. Bh4 a5 17. f4 Bf5 18. Rae1 Qe6 19. Rf3 Qd5 20. Rg3 c4 21. Nc1
c3 22. Qd1 Bxc2 23. Qg4 d3+ 24. Kh1 d2 0-1

[Event "National Capital op"]
[Site "Ottawa CAN"]
[Date "2022.11.05"]
[Round "4.11"]
[White "Batorshyn, Ilia"]
[Black "Zhu, Matthew"]
[Result "1-0"]
[WhiteElo "2026"]
[BlackElo "1998"]
[PlyCount "111"]
[EventDate "2022.11.04"]
[EventType "swiss"]
[EventRounds "5"]
[EventCountry "CAN"]

1. d4 Nf6 2. c4 g6 3. Nc3 d5 4. Bg5 Ne4 5. Bh4 Nxc3 6. bxc3 dxc4 7. e3 Be6 8.
Nf3 Bg7 9. Qb1 b6 10. Ng5 Bd5 11. e4 h6 12. exd5 hxg5 13. Qb5+ c6 14. dxc6 a6
15. c7+ axb5 16. cxd8=Q+ Kxd8 17. Bxg5 Ra3 18. Rb1 Rxc3 19. Rxb5 Nd7 20. Rb4
Bxd4 21. Rxc4 Rxc4 22. Bxc4 f6 23. Bd2 Rh5 24. O-O Rc5 25. Bb3 Kc7 26. Rd1 Rf5
27. Be1 Re5 28. Kf1 Bb2 29. f3 Rc5 30. Bb4 Re5 31. Rd2 Ba1 32. Rd1 Bb2 33. Be1
Rc5 34. Ke2 Rh5 35. Bf7 Be5 36. h4 Nf8 37. Bf2 Bd6 38. Bb3 Nd7 39. g4 Re5+ 40.
Kf1 Nc5 41. Bd4 Nxb3 42. Bxe5 Bxe5 43. axb3 e6 44. Ke2 f5 45. Kd3 b5 46. Rc1+
Kd6 47. Rc8 Ke7 48. Rc5 Bg3 49. h5 fxg4 50. h6 Kf7 51. Rc8 gxf3 52. h7 Be5 53.
Ke3 Ke7 54. Kxf3 Kd6 55. Ke4 g5 56. Rd8+ 1-0

[Event "National Capital op"]
[Site "Ottawa CAN"]
[Date "2022.11.06"]
[Round "5"]
[White "Labib, Daniel"]
[Black "Latorre, Vincent"]
[Result "0-1"]
[WhiteElo "2090"]
[BlackElo "2109"]
[PlyCount "108"]
[EventDate "2022.11.04"]
[EventType "swiss"]
[EventRounds "5"]
[EventCountry "CAN"]

1. d4 Nf6 2. c4 e6 3. Nc3 Bb4 4. Qc2 d5 5. cxd5 exd5 6. Bg5 O-O 7. e3 h6 8. Bh4
Nbd7 9. Nf3 c6 10. Bd3 Re8 11. O-O a5 12. a3 Be7 13. Rab1 b5 14. a4 b4 15. Ne2
Ba6 16. Nc1 Qb6 17. Bxa6 Qxa6 18. Nd3 Bd6 19. Bg3 Bxg3 20. hxg3 Ne4 21. Nd2
Nxd2 22. Qxd2 h5 23. Rbc1 Re6 24. Nf4 Rh6 25. Rc2 Nf6 26. Rfc1 Ne4 27. Qe2 Qb6
28. Nxh5 b3 29. Rc3 Nxc3 30. Rxc3 Qb4 31. Qg4 Rg6 32. Qd1 Rb8 33. Qc1 Qxa4 34.
Nf4 Rd6 35. Nd3 Qb5 36. Ne5 Rc8 37. Qd1 a4 38. Qg4 Rc7 39. Qf4 Rf6 40. Qg5 Rc8
41. Qg4 Rc7 42. Qg5 Rc8 43. Qg4 Rd8 44. Qd1 Re6 45. Qh5 Rf8 46. Qd1 Rh6 47. Ng4
Re6 48. Ne5 Rb8 49. Qh5 Qb7 50. f3 Qc7 51. Rc1 a3 52. bxa3 b2 53. Rb1 c5 54.
Kf2 cxd4 0-1